| 000 | 01801nam a2200253Ia 4500 | ||
|---|---|---|---|
| 008 | 260220t1971||||xx |||||||||||||| ||spa|| | ||
| 040 |
_aPY-SlUNAC _bspa _erda |
||
| 041 | _aspa | ||
| 082 |
_a574.021 2 _bB213i |
||
| 100 |
_aBancroft, Huldah _eAutor |
||
| 245 | 0 |
_aIntroducción a la bioestadística / _cpor Huldah Bancroft [Autor] |
|
| 250 | _aSéptima edición | ||
| 264 |
_aBuenos Aires : _bEUDEBA, _c℗1971. |
||
| 300 | _a1 volumen | ||
| 520 | _a"Introducción a la bioestadística" de Huldah Bancroft es una obra fundamental que aborda los principios y métodos estadísticos aplicados a las ciencias biológicas y de la salud. A lo largo de sus capítulos, la autora presenta conceptos básicos de estadística, como la recolección, análisis e interpretación de datos, destacando su relevancia en la investigación biomédica. Se exploran técnicas descriptivas e inferenciales, así como el uso de gráficos y tablas para la visualización efectiva de información. Bancroft también discute la importancia de la probabilidad y los errores en la inferencia estadística, ofreciendo herramientas para la toma de decisiones informadas en contextos clínicos y epidemiológicos. El libro incluye ejemplos prácticos y ejercicios que facilitan la comprensión de los conceptos, convirtiéndolo en un recurso valioso para estudiantes y profesionales en el área de la salud. En conjunto, la obra proporciona una base sólida que permite a los lectores aplicar métodos estadísticos en la investigación y práctica profesional. | ||
| 653 | _aBioestadística | ||
| 653 | _aEstadística | ||
| 653 | _aSalud pública | ||
| 942 |
_b2026/02/17 _cBK |
||
| 999 |
_c8114 _d8114 |
||